000 00389cam a22001337a 4500
008 180718b1981 xxu||||| |||| 00| 0 eng d
082 _aAPPPA 80-81 JUL
100 _aJulka, L.R.
245 _aAvailability and distribution of cement
_cby L.R. Julka
260 _aNew Delhi
_bIndian Institute of Public Administration
_c1981
300 _a152p.
650 _aCement
650 _aDistribution
999 _c501248
_d501248